Normal view
MARC view
Entry Topical Term
001 - CONTROL NUMBER
- control field: 5796
003 - CONTROL NUMBER IDENTIFIER
- control field: OSt
005 - DATE AND TIME OF LATEST TRANSACTION
- control field: 20150927163012.0
008 - FIXED-LENGTH DATA ELEMENTS
- fixed length control field: 150927|| aca||aabn | a|a d
040 ## - CATALOGING SOURCE
- Original cataloging agency: OSt
- Transcribing agency: OSt
150 ## - HEADING--TOPICAL TERM
- Topical term or geographic name entry element: Theory & experiments
670 ## - SOURCE DATA FOUND
- Source citation: Work cat.: (OSt): editted by Craig, Hill ; Djamaladin, G. Musaev 5795, Complexity in chemistry and beyond:, 2008
